000 01177nam a2200205 a 4500
001 000352441
003 AM-YeHGA
005 20250618072211.0
008 040719s1913 ai 000 | arm d
040 _aAM-YeHGA
041 1 _aarm
245 0 0 _aՄեսրոպ եւ Սահակ :
_bՀայ նշանագիրներու պատմութիւն : Կորիւն Ղազար Փարպեցի եւ Մովսէս Խորենացի /
_cԱշխարհաբար թարգմ. և լուսաբ.՝ Կիւրճեան (Հրանդ).
260 _aԿ. Պոլիս :
_bտպ. Յովակիմեան,
_c1913.
300 _a44 էջ ;
_c17 սմ.
501 _aԱլիգ. 1 : Կազմակից են` Լ. Էսաճանեան` Օշականի Գեղօն.- Կ. Պոլիս, 1913 ; Բ.Պ. Իսպէչէրեան` Հառաչանք.- Ղալաթիա, 1912 ; Լորիս` Կեանքի բովում.- Կ. Պոլիս, 1912 ; Գ. Զօհրապ` Հայ պատգամաւորի մը հաշուետուութիւնը.- Կ. Պոլիս, 1910
600 0 4 _aՄեսրոպ Մաշտոց,
_d362-440
_94901
600 0 4 _aՍահակ Պարթև
_94900
700 1 _aԿյուրճյան, Մելքոն,
_d1859-1915
_eթարգմ.
_4trl
_9738
090 _c136304
999 _c134936
_d134936